Humenné

Zobrazenie: V bielom orámovaní pohľad na ulicu, sprava lemovanú radom stromov a zľava radom domov. Nad vchodom do domu v popredí vľavo je nápis "Chemodroga". Na vrchole budovy, vpravo od neho, je nápis "Mestský úrad" a pod ním je reliéf doch protisebe stojacich levov. Po ulici je...

Full description

Bibliographic Details
Format: Postcard
Language:Slovak
PhysicalDescription:1 pohľadnica čiernobiela 9 x 14 cm
Published: Bratislava Tvar 1952
Subjects:

MARC

LEADER 00000nkm a2200000 a 4500
001 vtls012011639
003 SK-MaSNL
005 20260512122853.0
007 kp bo
008 231121s1952 xo g kuslo
015 |a SNBG1952 
035 |a urn:nbn:sk:snk-km00fas7 
035 |a urn:nbn:sk:snk-km45t55 
035 |a 985CCC16-E50B-4541-8590-87D4EBDA884F 
040 |a SNK  |b slo  |c SNK  |e AACR2 
041 0 |a slo 
043 |a e-xo--- 
044 |a xo  |c SK 
072 7 |a 913  |x Regionálna geografia  |2 konspekt 
080 |a 913(437.6)  |2 2011 
080 |a 711.73  |2 2011 
080 |a (084.121)  |2 2011 
080 |a 721  |2 2011 
080 |a 352  |2 2011 
245 0 0 |a Humenné  |h grafika 
260 |a Bratislava  |b Tvar  |c 1952 
300 |a 1 pohľadnica  |b čiernobiela  |c 9 x 14 cm 
520 8 |a Zobrazenie: V bielom orámovaní pohľad na ulicu, sprava lemovanú radom stromov a zľava radom domov. Nad vchodom do domu v popredí vľavo je nápis "Chemodroga". Na vrchole budovy, vpravo od neho, je nápis "Mestský úrad" a pod ním je reliéf doch protisebe stojacich levov. Po ulici je roztratených niekoľko ľudí a v popredí, v strede sú dvaja muži na bicykloch 
650 0 7 |a budovy  |2 SNKPH  |9 1283 
650 0 7 |a ulice  |2 SNKPH  |9 2938 
650 0 7 |a mestské úrady  |2 SNKPH  |9 84886 
651 7 |a Humenné (Slovensko)  |2 SNKPHgeo  |9 19199 
655 7 |a miestne pohľadnice  |2 SNKPH  |9 70510 
852 |a Slovenská národná knižnica 
958 |a GC 
958 |a OND 
958 |a GBN 
958 |a EUIPO 
999 |c 677481  |d 679411 
952 |a SNK  |b SNK  |y PREZ  |7 0  |p 17A1409371  |o snkSP 108893  |z Pohľadnica prešla poštou.  |0 0  |1 0  |4 0  |d 2021-01-20  |f 1  |l 0  |r 2026-02-23 19:46:28  |w 2026-02-23